[Event "Server24 op"]
[Site "Ortisei ITA"]
[Date "2013.06.04"]
[Round "4.3"]
[White "Herbold, Manfred"]
[Black "Hansen, Eric"]
[Result "0-1"]
[WhiteElo "2091"]
[BlackElo "2577"]
[PlyCount "70"]
[GameId "2130307683814230"]
[EventDate "2013.06.01"]
[EventType "swiss"]
[EventRounds "9"]
[EventCountry "ITA"]
[SourceTitle "The Week in Chess 970"]
[Source "Mark Crowther"]
[SourceDate "2013.06.10"]
[SourceVersion "1"]
[SourceVersionDate "2013.06.10"]
[SourceQuality "2"]

1. e4 c5 2. d4 cxd4 3. c3 Nf6 4. e5 Nd5 5. Nf3 Nc6 6. Bc4 Nb6 7. Bb3 d5 8. exd6 Qxd6 9. O-O Be6 10. Na3 Bxb3 11. Qxb3 Qd7 12. Bf4 e6 13. Rad1 Bc5 14. cxd4 Bxa3 15. Qxa3 f6 16. Rfe1 Nd5 17. Bd2 Kf7 18. Qd3 Nde7 19. Bc3 Qd5 20. Re4 Ng6 21. Rde1 Rhe8 22. Qe2 Rad8 23. h4 h5 24. b4 a6 25. g4 hxg4 26. Rxg4 Qf5 27. Qe4 Rh8 28. Kh2 Nce7 29. Bd2 Rc8 30. b5 axb5 31. Bb4 Nd5 32. Bc5 b6 33. Bd6 Rc3 34. Qxf5 exf5 35. Rg3 Nxh4 0-1

[Event "Server24 op"]
[Site "Ortisei ITA"]
[Date "2013.06.05"]
[Round "5.2"]
[White "Hansen, Eric"]
[Black "Khenkin, Igor"]
[Result "1/2-1/2"]
[WhiteElo "2577"]
[BlackElo "2601"]
[PlyCount "32"]
[GameId "2130307683818344"]
[EventDate "2013.06.01"]
[EventType "swiss"]
[EventRounds "9"]
[EventCountry "ITA"]
[SourceTitle "The Week in Chess 970"]
[Source "Mark Crowther"]
[SourceDate "2013.06.10"]
[SourceVersion "1"]
[SourceVersionDate "2013.06.10"]
[SourceQuality "2"]

1. e4 e5 2. Nf3 d6 3. d4 exd4 4. Nxd4 Nf6 5. Nc3 Be7 6. g3 Bg4 7. Qd3 Nbd7 8. Bg2 O-O 9. O-O Ne5 10. Qe3 Nc4 11. Qf4 Re8 12. Nf5 Bf8 13. h3 Bh5 14. Qh4 c6 15. Bg5 Bg6 16. b3 Na3 1/2-1/2

[Event "Server24 op"]
[Site "Ortisei ITA"]
[Date "2013.06.06"]
[Round "6.1"]
[White "Nisipeanu, Liviu D"]
[Black "Hansen, Eric"]
[Result "1/2-1/2"]
[WhiteElo "2667"]
[BlackElo "2577"]
[PlyCount "40"]
[GameId "2130307683818362"]
[EventDate "2013.06.01"]
[EventType "swiss"]
[EventRounds "9"]
[EventCountry "ITA"]
[SourceTitle "The Week in Chess 970"]
[Source "Mark Crowther"]
[SourceDate "2013.06.10"]
[SourceVersion "1"]
[SourceVersionDate "2013.06.10"]
[SourceQuality "2"]

1. Nf3 g6 2. e4 d6 3. d4 Nf6 4. Nc3 Bg7 5. Be2 O-O 6. O-O c6 7. a4 a5 8. Be3 Na6 9. Nd2 Be6 10. h3 Nb4 11. f4 Qb6 12. f5 gxf5 13. exf5 Bd7 14. Nc4 Qc7 15. Qd2 Kh8 16. Rae1 Nbd5 17. Bh6 Bxh6 18. Qxh6 Nxc3 19. bxc3 c5 20. Bd3 Bxa4 1/2-1/2

[Event "Server24 op"]
[Site "Ortisei ITA"]
[Date "2013.06.07"]
[Round "7.4"]
[White "Hansen, Eric"]
[Black "Codenotti, Marco"]
[Result "1-0"]
[WhiteElo "2577"]
[BlackElo "2390"]
[PlyCount "77"]
[GameId "2130307683818383"]
[EventDate "2013.06.01"]
[EventType "swiss"]
[EventRounds "9"]
[EventCountry "ITA"]
[SourceTitle "The Week in Chess 970"]
[Source "Mark Crowther"]
[SourceDate "2013.06.10"]
[SourceVersion "1"]
[SourceVersionDate "2013.06.10"]
[SourceQuality "2"]

1. e4 c5 2. Nf3 d6 3. Bb5+ Nd7 4. c3 Ngf6 5. Qe2 a6 6. Ba4 b5 7. Bc2 Bb7 8. d4 e5 9. O-O Be7 10. Rd1 Qc7 11. d5 O-O 12. a4 c4 13. Na3 Qb6 14. Be3 Nc5 15. Nd2 Nfd7 16. b4 cxb3 17. Nxb3 Rfb8 18. Rdb1 Bc8 19. h3 h6 20. Nxc5 Nxc5 21. axb5 axb5 22. Nxb5 Rxa1 23. Rxa1 Bg5 24. Bxg5 hxg5 25. Qe3 Ra8 26. Bd1 Ra5 27. Rb1 Bd7 28. c4 f6 29. Bg4 Bxb5 30. Kh2 Ra4 31. Rxb5 Qa7 32. Qf3 Rxc4 33. Rxc5 Rxc5 34. Be6+ Kf8 35. Qh5 Ra5 36. Qh8+ Ke7 37. Qxg7+ Kd8 38. Qf8+ Kc7 39. Qc8+ 1-0

[Event "Server24 op"]
[Site "Ortisei ITA"]
[Date "2013.06.08"]
[Round "8.1"]
[White "Hansen, Eric"]
[Black "Volkov, Sergey1"]
[Result "1/2-1/2"]
[WhiteElo "2577"]
[BlackElo "2613"]
[PlyCount "49"]
[GameId "2130307683818399"]
[EventDate "2013.06.01"]
[EventType "swiss"]
[EventRounds "9"]
[EventCountry "ITA"]
[SourceTitle "The Week in Chess 970"]
[Source "Mark Crowther"]
[SourceDate "2013.06.10"]
[SourceVersion "1"]
[SourceVersionDate "2013.06.10"]
[SourceQuality "2"]

1. e4 e6 2. d4 d5 3. Nd2 Nf6 4. e5 Nfd7 5. c3 c5 6. Bd3 Nc6 7. Ne2 cxd4 8. cxd4 f6 9. exf6 Nxf6 10. O-O Bd6 11. Nf3 O-O 12. Bf4 Bxf4 13. Nxf4 Ne4 14. Qc1 Ng5 15. Nxg5 Qxg5 16. Ne2 Qf6 17. Qd2 Bd7 18. Rac1 Be8 19. Rc3 Bh5 20. f3 a6 21. Bc2 Bg6 22. Bb3 Rad8 23. Rc5 Rd6 24. Rfc1 Be8 25. Qe3 1/2-1/2

[Event "Server24 op"]
[Site "Ortisei ITA"]
[Date "2013.06.09"]
[Round "9.4"]
[White "Warakomski, Tomasz"]
[Black "Hansen, Eric"]
[Result "1/2-1/2"]
[WhiteElo "2488"]
[BlackElo "2577"]
[PlyCount "92"]
[GameId "2130307683818420"]
[EventDate "2013.06.01"]
[EventType "swiss"]
[EventRounds "9"]
[EventCountry "ITA"]
[SourceTitle "The Week in Chess 970"]
[Source "Mark Crowther"]
[SourceDate "2013.06.10"]
[SourceVersion "1"]
[SourceVersionDate "2013.06.10"]
[SourceQuality "2"]

1. e4 e6 2. d4 d5 3. Nc3 Bb4 4. e5 Ne7 5. a3 Bxc3+ 6. bxc3 b6 7. Qg4 Ng6 8. h4 h5 9. Qg5 Ba6 10. Ne2 Nc6 11. Rh3 Qxg5 12. hxg5 Bc4 13. g3 Kd7 14. Bg2 Nge7 15. Nf4 g6 16. Be3 Na5 17. Bf3 Ba6 18. O-O-O Nc4 19. Rdh1 Rhg8 20. a4 Bb7 21. g4 hxg4 22. Bxg4 Rg7 23. Rf3 Bc6 24. Ne2 Bxa4 25. Rf6 Kc6 26. Nf4 Kb7 27. Bxe6 fxe6 28. Nxe6 Rgg8 29. Rf7 Rh8 30. Rh6 Nf5 31. Rxc7+ Ka6 32. Rhh7 Rxh7 33. Rxh7 Ka5 34. Bd2 a6 35. Nf4 Rd8 36. Be1 Bc6 37. Rf7 Rh8 38. Nxg6 Rh1 39. Kd1 Be8 40. Rf6 Ng7 41. Nf4 Nh5 42. Rh6 Nb2+ 43. Kd2 Nc4+ 44. Kd1 Nb2+ 45. Kd2 Nc4+ 46. Kd1 Nb2+ 1/2-1/2

[Event "Karpos op"]
[Site "Skopje MKD"]
[Date "2013.03.09"]
[Round "1.30"]
[White "Markovski, Vele"]
[Black "Hansen, Eric"]
[Result "0-1"]
[WhiteElo "2042"]
[BlackElo "2557"]
[PlyCount "48"]
[GameId "2130307686389456"]
[EventDate "2013.03.09"]
[EventType "swiss"]
[EventRounds "9"]
[EventCountry "MKD"]

1. e4 c5 2. Nf3 e6 3. c3 Nf6 4. e5 Nd5 5. Bc4 Nc6 6. O-O d6 7. d4 cxd4 8. cxd4 Nb6 9. Qe2 Nxc4 10. Qxc4 d5 11. Qe2 Be7 12. Nc3 O-O 13. Be3 Bd7 14. Nd2 f6 15. f4 fxe5 16. fxe5 Qb6 17. Nb3 a5 18. Rxf8+ Rxf8 19. Re1 Qb4 20. Rd1 a4 21. Nc1 a3 22. Nd3 Qc4 23. Qd2 Nxd4 24. b3 Qxc3 0-1

[Event "Karpos op"]
[Site "Skopje MKD"]
[Date "2013.03.10"]
[Round "2.28"]
[White "Hansen, Eric"]
[Black "Atakisi, Umut"]
[Result "1/2-1/2"]
[WhiteElo "2557"]
[BlackElo "2328"]
[PlyCount "83"]
[GameId "2130307686393652"]
[EventDate "2013.03.09"]
[EventType "swiss"]
[EventRounds "9"]
[EventCountry "MKD"]

1. e4 c5 2. Nf3 d6 3. d4 cxd4 4. Nxd4 Nf6 5. Nc3 Nc6 6. Bg5 Bd7 7. Qd2 Rc8 8. O-O-O Nxd4 9. Qxd4 Qa5 10. Bd2 a6 11. Kb1 Qc5 12. Qxc5 Rxc5 13. f3 g6 14. Be3 Rc8 15. Bd4 Bg7 16. Nd5 e5 17. Be3 Nxd5 18. Rxd5 Rc6 19. Be2 Be6 20. Rd2 Ke7 21. a4 h5 22. h4 Bh6 23. Bxh6 Rxh6 24. Rhd1 Rh8 25. b3 Rg8 26. Kb2 g5 27. hxg5 Rxg5 28. Bd3 Rc8 29. Bf1 Rc6 30. b4 Bc4 31. b5 axb5 32. axb5 Rc5 33. Bxc4 Rxc4 34. Kb3 Rc8 35. Rxd6 Rxg2 36. c4 Rh8 37. c5 h4 38. Rd7+ Kf6 39. Rxb7 h3 40. Ra7 h2 41. Raa1 Rh3 42. Kc4 1/2-1/2

[Event "Karpos op"]
[Site "Skopje MKD"]
[Date "2013.03.10"]
[Round "3.33"]
[White "Schoorl, Rob"]
[Black "Hansen, Eric"]
[Result "0-1"]
[WhiteElo "2350"]
[BlackElo "2557"]
[PlyCount "70"]
[GameId "2130307686397850"]
[EventDate "2013.03.09"]
[EventType "swiss"]
[EventRounds "9"]
[EventCountry "MKD"]

1. e4 c5 2. Nf3 e6 3. d4 cxd4 4. Nxd4 a6 5. Nc3 Qc7 6. Bd3 Bc5 7. Nb3 Be7 8. Qg4 g6 9. Bg5 h5 10. Qh4 d6 11. Rd1 Nc6 12. O-O Kf8 13. f3 b5 14. Rd2 Qa7+ 15. Rdf2 f6 16. Bc1 g5 17. Qg3 h4 18. Qh3 Bd8 19. f4 gxf4 20. Kh1 b4 21. Nb1 e5 22. Qf3 Bb6 23. Re2 Qg7 24. Bc4 Bg4 25. Qd3 Bxe2 26. Qxd6+ Nge7 27. Bxe2 Rg8 28. Bf3 Rd8 29. Qe6 Qf7 30. Qh3 a5 31. a4 Nd4 32. Nxd4 Bxd4 33. Nd2 Bxb2 34. Nb3 Bxc1 35. Nc5 Rd6 0-1

[Event "Karpos op"]
[Site "Skopje MKD"]
[Date "2013.03.11"]
[Round "4.24"]
[White "Hansen, Eric"]
[Black "Bogdanovski, Vlatko"]
[Result "1-0"]
[WhiteElo "2557"]
[BlackElo "2444"]
[PlyCount "62"]
[GameId "2130307686402044"]
[EventDate "2013.03.09"]
[EventType "swiss"]
[EventRounds "9"]
[EventCountry "MKD"]

1. e4 c6 2. d4 d5 3. e5 Bf5 4. Nf3 e6 5. Be2 Nd7 6. O-O Ne7 7. c3 Nc8 8. Nbd2 Be7 9. Ne1 Bg6 10. f4 c5 11. g4 Qb6 12. Qa4 cxd4 13. cxd4 a6 14. Kh1 f5 15. Ng2 Na7 16. gxf5 Bxf5 17. Ne3 Nc6 18. Nxf5 exf5 19. Nf3 Rc8 20. a3 g6 21. b4 Na7 22. Be3 Qe6 23. Qb3 Nb6 24. Nd2 Qc6 25. Bf3 O-O 26. Rac1 Qd7 27. Rc5 Kh8 28. Rfc1 Rfd8 29. Bf2 Nc6 30. Nb1 Bxc5 31. dxc5 Nc4 1-0

[Event "Karpos op"]
[Site "Skopje MKD"]
[Date "2013.03.12"]
[Round "5.5"]
[White "Safarli, Eltaj"]
[Black "Hansen, Eric"]
[Result "1-0"]
[WhiteElo "2643"]
[BlackElo "2557"]
[PlyCount "81"]
[GameId "2130307686406229"]
[EventDate "2013.03.09"]
[EventType "swiss"]
[EventRounds "9"]
[EventCountry "MKD"]

1. e4 e6 2. d4 d5 3. Nd2 c5 4. Ngf3 cxd4 5. Nxd4 Nf6 6. Bb5+ Bd7 7. Bxd7+ Qxd7 8. e5 Ne4 9. Nxe4 dxe4 10. O-O Qd5 11. Bf4 Na6 12. c4 Qd7 13. Nb5 Nc5 14. Qe2 a6 15. Rad1 Qc8 16. Nd6+ Bxd6 17. Rxd6 O-O 18. Qg4 Qc7 19. Be3 Rac8 20. b3 Kh8 21. Bxc5 Qxc5 22. Qxe4 b5 23. cxb5 axb5 24. Rfd1 Kg8 25. g3 h6 26. Ra6 Qc3 27. Kg2 Rc5 28. Ra8 Rcc8 29. Rxc8 Qxc8 30. Rd4 Qc5 31. a4 bxa4 32. Rxa4 Qc3 33. b4 Qb3 34. Ra8 g5 35. h3 Rxa8 36. Qxa8+ Kg7 37. Qb7 Qb2 38. Qb5 Qd4 39. Qc5 Qe4+ 40. Kh2 h5 41. Qe3 1-0

[Event "Karpos op"]
[Site "Skopje MKD"]
[Date "2013.03.14"]
[Round "7.5"]
[White "Smirin, Ilia"]
[Black "Hansen, Eric"]
[Result "1/2-1/2"]
[WhiteElo "2659"]
[BlackElo "2557"]
[PlyCount "95"]
[GameId "2130307686418725"]
[EventDate "2013.03.09"]
[EventType "swiss"]
[EventRounds "9"]
[EventCountry "MKD"]

1. e4 e6 2. d4 d5 3. Nc3 Bb4 4. e5 Ne7 5. a3 Bxc3+ 6. bxc3 b6 7. Qg4 Ng6 8. h4 h5 9. Qd1 Qd7 10. Be2 Ba6 11. Bxh5 Qb5 12. Be2 Qa5 13. Bg5 Qxc3+ 14. Kf1 c5 15. Bxa6 Nxa6 16. Ne2 Qc4 17. c3 Nb8 18. Kg1 Nc6 19. Rh3 Nge7 20. h5 Kd7 21. dxc5 Nf5 22. cxb6 axb6 23. Ng3 Nxg3 24. Rxg3 Nxe5 25. Be3 Qa4 26. Rg5 Qxd1+ 27. Rxd1 Nc4 28. Bd4 Rag8 29. Bxg7 f6 30. Bxh8 Rxg5 31. h6 Ke7 32. Rd3 Rh5 33. Bg7 Kf7 34. Rf3 f5 35. a4 Rh4 36. g3 Re4 37. Rd3 Kg6 38. Rd1 Nb2 39. Ra1 Nxa4 40. Bd4 Nc5 41. Rb1 Nd7 42. Kf1 Rg4 43. Bxb6 Nxb6 44. Rxb6 Re4 45. f3 Re5 46. Kf2 Kxh6 47. Rb4 Kg6 48. Ra4 1/2-1/2

[Event "Karpos op"]
[Site "Skopje MKD"]
[Date "2013.03.16"]
[Round "9.8"]
[White "Hansen, Eric"]
[Black "Stevic, Hrvoje"]
[Result "0-1"]
[WhiteElo "2557"]
[BlackElo "2620"]
[PlyCount "60"]
[GameId "2130307686427124"]
[EventDate "2013.03.09"]
[EventType "swiss"]
[EventRounds "9"]
[EventCountry "MKD"]

1. e4 e5 2. Nf3 d6 3. d4 exd4 4. Nxd4 Nf6 5. Nc3 Be7 6. Bf4 O-O 7. Qd2 c6 8. O-O-O b5 9. f3 b4 10. Nce2 c5 11. Nf5 Bxf5 12. exf5 Nc6 13. Kb1 d5 14. g4 d4 15. g5 Nd5 16. f6 Bd6 17. fxg7 Re8 18. Bxd6 Qxd6 19. Ng3 Nc3+ 20. Ka1 Qe6 21. b3 Nxd1 22. Bc4 Qe3 23. Qxd1 Ne5 24. Bd5 Rad8 25. Ne4 d3 26. Kb1 Kxg7 27. Nf6 d2 28. f4 Nd3 29. Bc4 Nf2 30. Nxe8+ Qxe8 0-1

[Event "Cappelle op"]
[Site "Cappelle-la-Grande FRA"]
[Date "2013.02.23"]
[Round "1.35"]
[White "Payen, Arnaud"]
[Black "Hansen, Eric"]
[Result "0-1"]
[WhiteElo "2325"]
[BlackElo "2557"]
[PlyCount "126"]
[GameId "2130307686644678"]
[EventDate "2013.02.23"]
[EventType "swiss"]
[EventRounds "9"]
[EventCountry "FRA"]

1. d4 Nf6 2. Nf3 g6 3. Bf4 Bg7 4. e3 O-O 5. Be2 d6 6. O-O c5 7. c3 Qb6 8. Nbd2 Bf5 9. Nc4 Qc7 10. h3 Nbd7 11. a4 Rac8 12. Bh2 Be6 13. Ncd2 cxd4 14. exd4 Qb6 15. Qb1 Rfe8 16. a5 Qc7 17. Re1 Bh6 18. Bd3 Bd5 19. Re2 e5 20. dxe5 dxe5 21. Qe1 Qc6 22. Ne4 Nxe4 23. Bxe4 Bxe4 24. Rxe4 f6 25. Nd4 Qd5 26. Nc2 Nc5 27. Re2 Nd3 28. Qb1 Rcd8 29. Ne1 Nc1 30. Rc2 Nb3 31. c4 Qe4 32. Rc3 Qxb1 33. Rxb1 Nxa5 34. b4 Bd2 35. Ra3 Nxc4 36. Rxa7 Rd7 37. g4 Red8 38. Kg2 b6 39. Rxd7 Rxd7 40. Nf3 Kf7 41. b5 Ba5 42. Rc1 Rc7 43. Rd1 g5 44. h4 h5 45. hxg5 hxg4 46. Nh4 fxg5 47. Nf5 Kg6 48. Ng3 Nd2 49. Nf1 Nxf1 50. Bxe5 Re7 51. Rd6+ Kf5 52. Bd4 Nd2 53. Rf6+ Ke4 54. Bxb6 Bxb6 55. Rxb6 Kf5 56. Rb8 Re1 57. Rf8+ Kg6 58. Rg8+ Kf6 59. Rh8 Rb1 60. b6 Nf3 61. Rh1 Nh4+ 62. Kh2 Rxb6 63. Kg3 Kf5 0-1

[Event "Cappelle op"]
[Site "Cappelle-la-Grande FRA"]
[Date "2013.02.25"]
[Round "3.23"]
[White "Todorcevic, Miodrag"]
[Black "Hansen, Eric"]
[Result "0-1"]
[WhiteElo "2419"]
[BlackElo "2557"]
[PlyCount "106"]
[GameId "2130307686648943"]
[EventDate "2013.02.23"]
[EventType "swiss"]
[EventRounds "9"]
[EventCountry "FRA"]

1. e4 e6 2. d4 d5 3. Nc3 Bb4 4. Bd2 dxe4 5. Qg4 Nf6 6. Qxg7 Rg8 7. Qh6 Rg6 8. Qh4 Nc6 9. O-O-O Bxc3 10. Bxc3 Ne7 11. f3 Qd5 12. Kb1 Nf5 13. Qe1 Nd6 14. Nh3 Qf5 15. Nf2 Bd7 16. Bb4 Bc6 17. Bxd6 cxd6 18. fxe4 Nxe4 19. Nxe4 Bxe4 20. Qc3 Kd7 21. Bd3 Bxd3 22. Rxd3 Qd5 23. Rf1 f5 24. g3 Rc8 25. Qd2 a6 26. b3 b5 27. Kb2 Rg4 28. Ra1 e5 29. Qh6 Rh8 30. Rf1 e4 31. Rd2 Rg6 32. Qe3 Rf8 33. Rdf2 h5 34. c3 Rf7 35. Rc1 Ke6 36. c4 bxc4 37. bxc4 Qa5 38. d5+ Ke7 39. Rc3 Qc5 40. Kc2 h4 41. Qxc5 dxc5 42. Rb3 hxg3 43. hxg3 Kf6 44. Rb6+ Kg5 45. Rxg6+ Kxg6 46. Kd2 Rg7 47. Ke3 Kf6 48. Rg2 Ke5 49. Rg1 a5 50. Kf2 Rb7 51. Rd1 Rb2+ 52. Kg1 e3 53. d6 Rd2 0-1

[Event "Cappelle op"]
[Site "Cappelle-la-Grande FRA"]
[Date "2013.03.01"]
[Round "8.20"]
[White "Hansen, Eric"]
[Black "Soors, Stef"]
[Result "1-0"]
[WhiteElo "2557"]
[BlackElo "2369"]
[PlyCount "191"]
[GameId "2130307686669783"]
[EventDate "2013.02.23"]
[EventType "swiss"]
[EventRounds "9"]
[EventCountry "FRA"]

1. e4 c6 2. d4 d5 3. e5 Bf5 4. Nf3 e6 5. Be2 Ne7 6. c3 h6 7. O-O Nd7 8. Nbd2 Bg6 9. Nb3 Nf5 10. Bd3 a6 11. Be3 Rc8 12. h3 c5 13. Bxf5 Bxf5 14. Nxc5 Bxc5 15. dxc5 Nxc5 16. Bxc5 Rxc5 17. Nd4 Be4 18. Qd2 O-O 19. Rae1 Rc4 20. Re3 b5 21. a3 Qe7 22. Rg3 Kh7 23. Re1 Rb8 24. Rg4 Rbc8 25. Re3 f5 26. exf6 Qxf6 27. Reg3 g6 28. Nf3 Bf5 29. Rd4 Be4 30. Qe3 Rxd4 31. Nxd4 e5 32. Nb3 Rc7 33. Nc5 Bf5 34. b4 Re7 35. Rf3 d4 36. cxd4 exd4 37. Qf4 Qe5 38. g4 Bc2 39. Qxe5 Rxe5 40. Rf7+ Kg8 41. Rd7 Re1+ 42. Kg2 Ra1 43. Rxd4 Rxa3 44. Rd8+ Kf7 45. Ra8 Rc3 46. Ra7+ Kg8 47. Rxa6 Rc4 48. Ra8+ Kf7 49. Ra7+ Kg8 50. Ra2 Bd1 51. Rd2 Ba4 52. Nd3 Rc3 53. Nf4 Bc2 54. Rd4 Bb1 55. h4 Kf7 56. Nd5 Rc6 57. Ne3 Ke6 58. Kg3 Rc3 59. Kf4 Rc7 60. Kf3 Rc3 61. Kf4 Rc7 62. Kg3 Rc3 63. Kh2 Bd3 64. h5 gxh5 65. gxh5 Ke5 66. Rd5+ Kf4 67. Rxb5 Kf3 68. Rb6 Rc1 69. Rf6+ Ke2 70. Rf4 Ke1 71. Nf5 Be2 72. Ng3 Bd1 73. Kg2 Rb1 74. Rf6 Rb2 75. Re6+ Kd2 76. Rxh6 Rxb4 77. Rd6+ Ke1 78. Re6+ Kd2 79. h6 Rh4 80. f3 Bc2 81. Ne4+ Kd3 82. Kg3 Rh5 83. Kg4 Rh2 84. Kf4 Kc4 85. Rd6 Bd3 86. Ke3 Re2+ 87. Kf4 Rh2 88. Kg3 Rh5 89. Nf2 Bb1 90. Ne4 Bd3 91. Kg4 Rh2 92. Kg5 Bf1 93. Rd7 Kb5 94. h7 Bc4 95. Nf6 Kc6 96. Rd8 1-0

[Event "Groningen op A"]
[Site "Groningen NED"]
[Date "2012.12.21"]
[Round "1.7"]
[White "Kerigan, Demre"]
[Black "Hansen, Eric"]
[Result "1/2-1/2"]
[WhiteElo "2233"]
[BlackElo "2539"]
[PlyCount "120"]
[GameId "2130307688279171"]
[EventDate "2012.12.21"]
[EventType "swiss"]
[EventRounds "9"]
[EventCountry "NED"]
[SourceTitle "The Week in Chess 946"]
[Source "Mark Crowther"]
[SourceDate "2012.12.24"]
[SourceVersion "1"]
[SourceVersionDate "2012.12.24"]
[SourceQuality "2"]

1. e4 c5 2. Nf3 e6 3. d4 cxd4 4. Nxd4 a6 5. c4 Nf6 6. Nc3 Bb4 7. Bd3 Qc7 8. O-O Nc6 9. Nde2 O-O 10. Bf4 Ne5 11. h3 Be7 12. Rc1 b6 13. Bh2 Bb7 14. Kh1 Rac8 15. Bb1 d6 16. b3 Qb8 17. f4 Ned7 18. Qc2 g6 19. Nd4 Nc5 20. Qe2 Qa8 21. Rce1 Ncd7 22. Qd2 Nc5 23. Qe3 Rfe8 24. Re2 Bf8 25. e5 Nh5 26. Qf2 Ng7 27. exd6 Bxd6 28. f5 Bxh2 29. fxg6 fxg6 30. Kxh2 Rf8 31. Qe1 Qb8+ 32. Kg1 Qd6 33. Rd2 Rxf1+ 34. Qxf1 Qg3 35. Nd1 e5 36. Nc2 Nge6 37. Qe1 Qg5 38. Nce3 Nd4 39. Ng4 h5 40. Qe3 Qxe3+ 41. Ngxe3 Kg7 42. Nc3 a5 43. Ned5 b5 44. Ne7 Rd8 45. Rf2 b4 46. Ncd5 e4 47. Kf1 Re8 48. Ke1 h4 49. Rf4 Bxd5 50. Nxd5 Nf5 51. Kd2 Kh6 52. Ne3 Rd8+ 53. Ke2 Ng3+ 54. Ke1 g5 55. Rf7 Nd3+ 56. Bxd3 exd3 57. Ng4+ Kg6 58. Ne5+ Kh6 59. Ng4+ Kg6 60. Ne5+ Kh6 1/2-1/2

[Event "Groningen op A"]
[Site "Groningen NED"]
[Date "2012.12.23"]
[Round "3.14"]
[White "Brunello, Marina"]
[Black "Hansen, Eric"]
[Result "0-1"]
[WhiteElo "2257"]
[BlackElo "2539"]
[PlyCount "98"]
[GameId "2130307688287460"]
[EventDate "2012.12.21"]
[EventType "swiss"]
[EventRounds "9"]
[EventCountry "NED"]

1. e4 c5 2. Nf3 Nc6 3. d4 cxd4 4. Nxd4 g6 5. c4 Bg7 6. Be3 Nf6 7. Nc3 O-O 8. Be2 d6 9. O-O Bd7 10. Nb3 a5 11. Nd2 Be6 12. f4 Ne8 13. Nf3 Bg4 14. Nd5 Nf6 15. h3 Bxf3 16. Bxf3 Nd7 17. Rb1 a4 18. Qd2 Rb8 19. Rfd1 Re8 20. Nc3 Qa5 21. Qf2 a3 22. e5 axb2 23. Qxb2 dxe5 24. Rxd7 exf4 25. Bxf4 Bxc3 26. Qc1 e5 27. Be3 e4 28. Rb5 Qxa2 29. Qxc3 exf3 30. Rd2 Rxe3 31. Qxe3 Qxc4 32. Rc5 Qb4 33. gxf3 Rf8 34. Rcd5 Ne7 35. Rd8 Nf5 36. Rxf8+ Kxf8 37. Qg5 Kg7 38. Re2 Qd6 39. Rf2 f6 40. Qg4 Ne3 41. Qh4 g5 42. Qe4 Qg3+ 43. Kh1 Qxf2 44. Qe7+ Kg6 45. Qe8+ Kh6 46. Qf8+ Kh5 47. Qf7+ Kh4 48. Qxh7+ Kg3 49. Qc7+ Kxh3 0-1

[Event "Groningen op A"]
[Site "Groningen NED"]
[Date "2012.12.24"]
[Round "4.11"]
[White "Hansen, Eric"]
[Black "Schiffer, Kai Uwe"]
[Result "1/2-1/2"]
[WhiteElo "2539"]
[BlackElo "2300"]
[PlyCount "79"]
[GameId "2130307688287496"]
[EventDate "2012.12.21"]
[EventType "swiss"]
[EventRounds "9"]
[EventCountry "NED"]

1. e4 e6 2. d4 d5 3. Nc3 Nf6 4. Bg5 Bb4 5. e5 h6 6. Bd2 Bxc3 7. bxc3 Ne4 8. Qg4 Kf8 9. Qf4 c5 10. Bd3 Nxd2 11. Qxd2 Nc6 12. Nf3 c4 13. Be2 Bd7 14. O-O b5 15. h4 Qe7 16. g3 Qa3 17. Rab1 Rb8 18. h5 Ke7 19. g4 b4 20. cxb4 Nxb4 21. g5 Ba4 22. Bd1 Nxa2 23. Rxb8 Rxb8 24. gxh6 gxh6 25. Qxh6 Nc3 26. Qf6+ Kd7 27. Qxf7+ Qe7 28. Qg6 Rf8 29. Ng5 Nxd1 30. Nh7 Nc3 31. Nxf8+ Qxf8 32. Ra1 Qf3 33. h6 Ne2+ 34. Kf1 Nf4 35. Qf7+ Kc6 36. Qe8+ Kc7 37. Qe7+ Kc6 38. Qe8+ Kc7 39. Qe7+ Kc6 40. Qe8+ 1/2-1/2

[Event "Groningen op A"]
[Site "Groningen NED"]
[Date "2012.12.26"]
[Round "5.12"]
[White "Schoorl, Rob"]
[Black "Hansen, Eric"]
[Result "1/2-1/2"]
[WhiteElo "2366"]
[BlackElo "2539"]
[PlyCount "55"]
[GameId "2130307688291616"]
[EventDate "2012.12.21"]
[EventType "swiss"]
[EventRounds "9"]
[EventCountry "NED"]

1. e4 c6 2. c4 d5 3. cxd5 cxd5 4. exd5 Nf6 5. Nc3 Nxd5 6. Nf3 Nc6 7. Bb5 e6 8. O-O Be7 9. d4 O-O 10. Re1 a6 11. Bxc6 Nxc3 12. bxc3 bxc6 13. Ne5 Bd6 14. Nc4 Bc7 15. Ba3 Re8 16. Qh5 f6 17. Bd6 Bd7 18. Rab1 Rb8 19. Qc5 Rb5 20. Qa7 Qb8 21. Qxb8 Rexb8 22. Rxb5 cxb5 23. Bxc7 Rc8 24. Nb6 Rxc7 25. Nxd7 Rxd7 26. Rxe6 Rc7 27. g3 a5 28. Rb6 1/2-1/2

[Event "Groningen op A"]
[Site "Groningen NED"]
[Date "2012.12.28"]
[Round "7.5"]
[White "Breder, Dennis"]
[Black "Hansen, Eric"]
[Result "1/2-1/2"]
[WhiteElo "2438"]
[BlackElo "2539"]
[PlyCount "192"]
[GameId "2130307688291666"]
[EventDate "2012.12.21"]
[EventType "swiss"]
[EventRounds "9"]
[EventCountry "NED"]

1. e4 c5 2. Nf3 e6 3. g3 Nc6 4. Bg2 Nf6 5. Qe2 e5 6. c3 d6 7. O-O Be7 8. Rd1 Qb6 9. Na3 Be6 10. d3 O-O 11. Bg5 h6 12. Bxf6 Bxf6 13. Nc4 Qd8 14. Ne3 g6 15. Nd2 Bg7 16. Rf1 f5 17. f4 exf4 18. gxf4 Kh8 19. exf5 gxf5 20. Bd5 Bd7 21. Rae1 b5 22. Kh1 Rb8 23. Rg1 Ne7 24. Bf3 Rg8 25. Nd5 Nxd5 26. Bxd5 Re8 27. Qh5 Rxe1 28. Rxe1 Qf8 29. Nf3 Re8 30. Rg1 Re3 31. Nh4 Qe8 32. Qxe8+ Rxe8 33. Rg6 Bf8 34. Rg8+ Kh7 35. Kg1 Rc8 36. Ng6 Bg7 37. Rxc8 Bxc8 38. Ne7 Bd7 39. Bc6 Bxc6 40. Nxc6 a6 41. Ne7 Bf6 42. Nxf5 d5 43. Kf2 Kg6 44. Ng3 a5 45. Kf3 a4 46. Ne2 c4 47. dxc4 bxc4 48. Kg4 h5+ 49. Kf3 Be7 50. a3 Bc5 51. h3 Kf5 52. Ng3+ Kg6 53. Nf1 d4 54. cxd4 Bxd4 55. Ne3 Bxb2 56. Nxc4 Bc1 57. Ke4 Kf6 58. Nb6 Bxa3 59. Nxa4 Ke6 60. Nb6 Bc5 61. Nd5 Bd6 62. f5+ Kf7 63. Nf4 Kf6 64. Nxh5+ Kg5 65. Ng7 Be7 66. Ne6+ Kh4 67. Nf4 Bf6 68. Kd5 Ba1 69. Ke6 Kg3 70. Ng6 Kxh3 71. Ne5 Bc3 72. f6 Bd2 73. f7 Bh6 74. Kf6 Kh4 75. Nf3+ Kh5 76. Nd4 Bf8 77. Ne6 Ba3 78. Ng7+ Kh6 79. Nf5+ Kh7 80. Ke6 Kg6 81. Nd4 Kg7 82. Nc6 Bc5 83. Ne5 Ba3 84. Nd7 Bb4 85. Nf6 Ba3 86. Nd5 Bc5 87. Ne7 Ba3 88. Nf5+ Kg6 89. Ne3 Kg7 90. Ng4 Bb4 91. Ne5 Ba3 92. Nc6 Bc5 93. Nd8 Ba3 94. Kd7 Kf8 95. Ke6 Kg7 96. Nc6 Bc5 1/2-1/2

[Event "Groningen op A"]
[Site "Groningen NED"]
[Date "2012.12.29"]
[Round "8.8"]
[White "Hansen, Eric"]
[Black "Van Overdam, Julian"]
[Result "1-0"]
[WhiteElo "2539"]
[BlackElo "2268"]
[PlyCount "63"]
[GameId "2130307688295781"]
[EventDate "2012.12.21"]
[EventType "swiss"]
[EventRounds "9"]
[EventCountry "NED"]

1. e4 c5 2. Nf3 e6 3. d4 cxd4 4. Nxd4 Nf6 5. Nc3 d6 6. g4 h6 7. h4 Be7 8. Qf3 Nc6 9. Nxc6 bxc6 10. g5 Nd7 11. gxh6 gxh6 12. Bd2 Bxh4 13. O-O-O Qe7 14. Qf4 Bf6 15. Rxh6 Bb7 16. Rxh8+ Bxh8 17. Qg3 O-O-O 18. Bg5 Bf6 19. Bf4 Be5 20. Bxe5 dxe5 21. Qe3 Nb6 22. Rxd8+ Qxd8 23. Qc5 Qg5+ 24. Kd1 Kd7 25. Qa5 Nc8 26. Na4 Ke8 27. Nc5 Ba8 28. Nd3 Qg4+ 29. Be2 Qxe4 30. Qc7 Nb6 31. Qb8+ Ke7 32. Qxa7+ 1-0